| 000 | 00345nam a22001217a 4500 | ||
|---|---|---|---|
| 082 |
_a330 _bOSW/E |
||
| 100 | _aOSWAAL BOOKS | ||
| 245 |
_aCBSE SOLVED PAPERS ECONOMICS 2010-18 _bCLASS 12 |
||
| 260 |
_aAGRA _bOSWAAL PUBLICATIONS _c2019 |
||
| 300 | _a368 | ||
| 650 |
_aECONOMICS CHAPTERWISE AND TOPICWISE SOLVED PAPERS FOR CLASS XII _zINDIA |
||
| 942 | _cBK | ||
| 999 |
_c603 _d603 |
||